Associa il Paese ad una sua Casa Automobilistica - Statistics

Statistiche generali
  • Questo quiz è stato fatto 106 volte
  • Il punteggio medio è 11 su 14
Statistiche sulle risposte
Hint Risposta % Corretto
Renault Francia
95%
Mercedes-Benz Germania
95%
Ferrari Italia
93%
Toyota Giappone
86%
Ford Stati Uniti
86%
Rolls-Royce Regno Unito
84%
Hyundai Corea del Sud
82%
Volvo Svezia
82%
SEAT Spagna
81%
Dacia Romania
78%
Škoda Repubblica Ceca
74%
BYD Cina
73%
Lada Russia
64%
Tata India
53%
Nessun quiz corrispondente trovato
Distribuzione punteggi
Percentuale di utenti per punteggio
Percentile per numero di risposta
I tuoi punteggi nel tempo
Non hai fatto questo quiz